000 01067cam a2200289 a 4500
999 _c10177
_d10177
001 11787767
003 OSt
005 20210217111130.0
008 990913r20001987miu b 000 0 eng
010 _a 99048307
020 _a0801011949
040 _aDLC
_cDLC
_dDLC
050 0 0 _aBT440
_bT454J
082 0 0 _a232.96/2
_221
_bT454J
100 1 _aThomas, Gordon,
_d1933-
240 1 0 _aTrial
245 1 4 _aThe Jesus conspiracy :
_ban investigative reporter's look at an extraordinary life and death /
_cGordon Thomas.
260 _aGrand Rapids, Mich. :
_bBaker Books,
_cc2000.
300 _a297 p. ;
_c23 cm.
500 _aOriginally published: The trial. London : Bantam Press, 1987.
504 _aIncludes bibliographical references (p. 289-293).
600 0 0 _aJesus Christ
_xTrial.
600 0 0 _aJesus Christ
_xPassion.
906 _a7
_bcbc
_corignew
_d1
_eocip
_f19
_gy-gencatlg
942 _2ddc
_cBK